000 00480nam a2200157Ia 4500
008 220216s9999 xx 000 0 und d
100 _aWrigley G
245 0 _aPossibilities for pre-emergence weedkillers in immature rubber
260 _bProceedings of the Natural Rubber Research Conference, Kuala Lumpur, 1960; p290-296
650 _aImmature rubber
650 _aWeed control
700 _aChilwell E D
700 _aFletcher M A
700 _aPfeiffer R K
942 _cJS
999 _c65323
_d65323